000 01287pam a2200325 a 4500
001 1559633
003 ARRUPE
005 20251022072922.0
008 920429s1992 cau b 001 0 eng
010 _a 92016934
020 _a1555424740
_qrecycled, acid-free paper
020 _a9781555424749
_q(recycled, acid-free paper)
035 _a1559633
040 _aDLC
_cDLC
_dDLC
050 0 0 _aHD57.7
_b.C665 1992
082 0 0 _a658.4/09
_220
100 1 _aNgara, Emmanuel
_93830
245 1 0 _aLearning to lead for transformation
_ban African persective on educational leadership
_cEmmanuel Ngara
260 _aLondon :
_bBloomsbury academy,
_c2022.
300 _c24 cm.
300 _axiii, 235 pages ;
_g24cm.
650 0 _aLeadership.
_96573
650 0 _aTransformational leadership
_951050
856 4 2 _3Contributor biographical information
_uhttp://www.loc.gov/catdir/enhancements/fy0706/92016934-b.html
856 4 2 _3Publisher description
_uhttp://www.loc.gov/catdir/enhancements/fy0706/92016934-d.html
906 _a7
_bcbc
_corignew
_d1
_eocip
_f19
_gy-gencatlg
942 _2lcc
_cMONOGRAPH
999 _c131963
_d131963